Statistics for Top 10 smallest African countries in terms of area

Click here to take the quiz!

General Stats

  • This quiz has been taken 121 times
  • The average score is 9 of 10

Answer Stats

km2Country% Correct
4,033Cape Verde
94%
17,364Eswatini
94%
2,040Mauritius
93%
964São Tomé and Príncipe
93%
451Seychelles
92%
2,235Comoros
90%
23,200Djibouti
88%
26,798Rwanda
86%
27,830Burundi
85%
10,380The Gambia
79%

Score Distribution

Percentile by Number Answered

Percent of People with Each Score

Your Score History

You have not taken this quiz